000 00333nam a22001457a 4500
008 221205b ||||| |||| 00| 0 eng d
020 _a9781428357839
041 _aeng
080 _2SECOND EDITION
_a610.73
082 _a610.73 OTO
100 _a9
101 _aINF
245 _aPSYCHIATRIC NURSING
_cOTONG A D
942 _2udc
_cBK
999 _c59086
_d59086